All Clubs Peter Crouch Has Played For - Statistics

General Stats
  • This quiz has been taken 26 times
  • The average score is 7 of 13
Answer Stats
Year Appearances Goals Answer % Correct
2005-2008 85 22 Liverpool
96%
1998-2000 0 0 Tottenham Hotspur
96%
2009-2011 73 12 Tottenham Hotspur
96%
2011-2019 225 46 Stoke City
87%
2004-2005 27 12 Southampton
61%
2001-2002 37 18 Portsmouth
52%
2008-2009 38 11 Portsmouth
52%
2019 6 0 Burnley
48%
2000-2001 42 10 Queens Park Rangers
48%
2002-2004 37 6 Aston Villa
39%
2003(Loan) 15 4 Norwich City
30%
2000(Loan) 6 1 Dulwich Hamlet
13%
2000(Loan) 8 3 Hässleholm
4%
No matching quizzes found
Score Distribution
Percent of People with Each Score
Percentile by Number Answered
Your Score History
You have not taken this quiz